Comparison of different irrigation techniques on chilli pepper yield at crop station in royal university of agriculture,(ប្រៀបធៀបបច្ចេកទេសស្រោចស្រពខុសគ្នាលើទិន្នផលម្ទេសនៅក្នុងស្ថានីយ៍ពិសោធន៍ដំណាំ នៃសាកលវិទ្យាល័យភូមិន្ទកសិកម្ម) (Record no. 1224)

000 -LEADER
fixed length control field 00780nam a22001337a 4500
040 ## - CATALOGING SOURCE
Transcribing agency RUA
082 ## - DEWEY DECIMAL CLASSIFICATION NUMBER
Classification number AGR CHH 2012 B052 Or.1
100 ## - MAIN ENTRY--AUTHOR NAME
Personal name CHHAN SINET
245 ## - TITLE STATEMENT
Title Comparison of different irrigation techniques on chilli pepper yield at crop station in royal university of agriculture,(ប្រៀបធៀបបច្ចេកទេសស្រោចស្រពខុសគ្នាលើទិន្នផលម្ទេសនៅក្នុងស្ថានីយ៍ពិសោធន៍ដំណាំ នៃសាកលវិទ្យាល័យភូមិន្ទកសិកម្ម)
260 ## - PUBLICATION, DISTRIBUTION, ETC. (IMPRINT)
Place of publication phnom penh
Name of publisher RUA
Year of publication 2012
300 ## - PHYSICAL DESCRIPTION
Number of Pages x, 43p.
Dimensions ill.
856 ## - ELECTRONIC LOCATION AND ACCESS
Uniform Resource Identifier https://drive.google.com/file/d/1mC-H0YRlkrgtcQK9ujSEurGoT9ht63K4/view?usp=sharing
942 ## - ADDED ENTRY ELEMENTS (KOHA)
Koha item type AGR
952 ## - LOCATION AND ITEM INFORMATION (KOHA)
Withdrawn status [LOCAL, KOHA] 0
952 ## - LOCATION AND ITEM INFORMATION (KOHA)
Withdrawn status [LOCAL, KOHA] 0
952 ## - LOCATION AND ITEM INFORMATION (KOHA)
Withdrawn status [LOCAL, KOHA] 0
952 ## - LOCATION AND ITEM INFORMATION (KOHA)
Withdrawn status [LOCAL, KOHA] 0
952 ## - LOCATION AND ITEM INFORMATION (KOHA)
Withdrawn status [LOCAL, KOHA] 0
952 ## - LOCATION AND ITEM INFORMATION (KOHA)
Withdrawn status [LOCAL, KOHA] 0
952 ## - LOCATION AND ITEM INFORMATION (KOHA)
Withdrawn status [LOCAL, KOHA] 0
952 ## - LOCATION AND ITEM INFORMATION (KOHA)
Withdrawn status [LOCAL, KOHA] 0
Holdings
Permanent Location Date acquired Koha item type Lost status Shelving location Barcode Current Location Full call number
Library Block B2015-09-24AGR B052RUA005829Library Block BAGR CHH 2012 B052 Or.1
Library Block B2015-09-24AGR B052RUA005682Library Block BAGR CHH 2012 B052 Or.2
Library Block B2015-09-24AGR B052RUA004633Library Block BAGR CHH 2012 B052 Or.3
Library Block B2015-09-24AGR B052RUA005457Library Block BAGR CHH 2012 B052 Or.4
Library Block B2015-09-24AGR B052RUA004712Library Block BAGR CHH 2012 B052 Or.5
Library Block B2015-09-24AGR B052RUA004759Library Block BAGR CHH 2012 B052 Or.6
Library Block B2015-09-25AGR B052RUA005685Library Block BAGR CHH 2012 B052 Or.7
Library Block B2015-09-25AGR B052RUA005473Library Block BAGR CHH 2012 B052 Or.8
មជ្ឈមណ្ឌលឯការនៃសាកលវិទ្យាល័យភូមិន្ទកសិកម្មចំការដូង

Powered by Koha